[Event "4NCL Online Division 5"]
[Site "online"]
[Date "2020.06.02"]
[Round "9.213"]
[White "Harris, Stuart"]
[Black "Gill, Veer"]
[Result "0-1"]
[WhiteElo "1300"]
[BlackElo "1285"]
[PlyCount "56"]
[EventDate "2020.06.02"]
[WhiteTeam "St Albans 4"]
[BlackTeam "Hatch End B"]

1. d4 d5 2. Nf3 Bg4 3. h3 Bh5 4. e3 c5 5. b3 Nd7 6. Ne5 Bxd1 7. Kxd1 Nxe5 8.
dxe5 e6 9. Bb5+ Ke7 10. e4 a6 11. Bd3 dxe4 12. Ke2 exd3+ 13. cxd3 Qd4 14. a4
Qxe5+ 15. Be3 Qxa1 16. Bxc5+ Ke8 17. Bxf8 Qe5+ 18. Kd1 Qh5+ 19. g4 Qd5 20. Re1
Qxd3+ 21. Nd2 Kxf8 22. Re3 Qd4 23. Ke2 Rd8 24. Nf3 Qb2+ 25. Kf1 Rd1+ 26. Re1
Qc1 27. Rxd1 Qxd1+ 28. Ne1 Nf6 0-1

[Event "4NCL Online Division 5"]
[Site "online"]
[Date "2020.06.02"]
[Round "9.214"]
[White "Shah, Ashok"]
[Black "Rose, Samuel"]
[Result "0-1"]
[WhiteElo "1187"]
[BlackElo "1075"]
[PlyCount "74"]
[EventDate "2020.06.02"]
[WhiteTeam "Hatch End B"]
[BlackTeam "St Albans 4"]

1. e4 c5 2. Nc3 e6 3. d4 d5 4. e5 a6 5. Nf3 h6 6. Bd3 Nc6 7. Be3 c4 8. Be2 Bb4
9. O-O Nge7 10. Bd2 Nf5 11. g4 Nfxd4 12. Nxd4 Nxd4 13. Na4 Nxe2+ 14. Qxe2 Bxd2
15. Qxd2 Bd7 16. Nc5 Bc6 17. Rad1 b6 18. Ne4 dxe4 19. Qxd8+ Rxd8 20. Rxd8+ Kxd8
21. Rd1+ Kc7 22. c3 h5 23. g5 Rd8 24. Re1 Rd5 25. Rf1 Rxe5 26. b3 cxb3 27. h4
bxa2 28. Ra1 Bd5 29. Kf1 e3 30. Ke2 exf2+ 31. Kxf2 Re4 32. Kg3 Re3+ 33. Kf4
Rxc3 34. Ke5 Kd7 35. Kd4 Rh3 36. Ke5 Rxh4 37. Rxa2 Re4# 0-1

[Event "4NCL Online Division 5"]
[Site "online"]
[Date "2020.06.02"]
[Round "9.221"]
[White "Kucukyildiz, Alp Tugrul"]
[Black "Gardner, Phillip K"]
[Result "0-1"]
[WhiteElo "1397"]
[BlackElo "1846"]
[PlyCount "106"]
[EventDate "2020.06.02"]
[WhiteTeam "Wimbledon 3"]
[BlackTeam "Sheffield Deaf"]

1. e4 c5 2. Nf3 d6 3. Bb5+ Nd7 4. e5 a6 5. Bxd7+ Bxd7 6. exd6 e6 7. O-O Bxd6 8.
Nc3 Bc6 9. b3 Nf6 10. Bb2 O-O 11. Re1 Qc7 12. h3 Rad8 13. Qe2 b5 14. a3 Qb7 15.
Na2 Bxf3 16. Qxf3 Qxf3 17. gxf3 Be7 18. Rad1 Rd5 19. Re5 Rfd8 20. Rxd5 Nxd5 21.
d4 Nf4 22. Kh2 Bf6 23. c3 cxd4 24. cxd4 Ne2 25. Nb4 Nxd4 26. Bxd4 Bxd4 27. Kg2
e5 28. f4 f6 29. fxe5 fxe5 30. f4 Rd6 31. fxe5 Bxe5 32. Rxd6 Bxd6 33. Nxa6 Bxa3
34. Nc7 b4 35. Nb5 Kf7 36. Kf3 Kf6 37. Kf4 Bc1+ 38. Kg4 Ke5 39. Nc7 Bd2 40. Ne8
Bh6 41. Nc7 Ke4 42. Na6 Bd2 43. Nc5+ Kd4 44. Ne6+ Kc3 45. Nxg7 Kxb3 46. Nf5 Kc3
47. Ng3 b3 48. Ne2+ Kd3 49. Nf4+ Bxf4 50. Kxf4 b2 51. Kg5 b1=Q 52. Kh6 Ke3 53.
h4 Qg6# 0-1

[Event "4NCL Online Division 5"]
[Site "online"]
[Date "2020.06.02"]
[Round "9.222"]
[White "Freund, Michael P"]
[Black "Selim, Omar"]
[Result "1/2-1/2"]
[WhiteElo "1770"]
[BlackElo "1262"]
[PlyCount "43"]
[EventDate "2020.06.02"]
[WhiteTeam "Sheffield Deaf"]
[BlackTeam "Wimbledon 3"]

1. e4 e5 2. Nf3 Nc6 3. Bb5 a6 4. Bxc6 dxc6 5. O-O Bg4 6. h3 Bh5 7. g4 Bg6 8.
Nxe5 Qh4 9. Qf3 f6 10. Nxg6 hxg6 11. Kg2 O-O-O 12. d3 g5 13. Nd2 Bd6 14. Nc4
Bf4 15. Bxf4 gxf4 16. Rh1 g5 17. e5 Qh7 18. exf6 Nxf6 19. Rae1 Rde8 20. Nd2
Rxe1 21. Rxe1 Nd7 22. Nc4 1/2-1/2

[Event "4NCL Online Division 5"]
[Site "online"]
[Date "2020.06.02"]
[Round "9.223"]
[White "Li, Sophia"]
[Black "Gibson, Stephen"]
[Result "0-1"]
[WhiteElo "1097"]
[BlackElo "1510"]
[PlyCount "100"]
[EventDate "2020.06.02"]
[WhiteTeam "Wimbledon 3"]
[BlackTeam "Sheffield Deaf"]

1. e4 e6 2. d4 a6 3. Nc3 b5 4. a3 Bb7 5. Nf3 c5 6. dxc5 Bxc5 7. Be2 Qc7 8. Bd2
Nf6 9. Bg5 Nxe4 10. Nxe4 Bxe4 11. Bd3 Bxd3 12. Qxd3 d5 13. Qc3 O-O 14. b4 Bxf2+
15. Kd2 Qxc3+ 16. Kxc3 Nc6 17. Rhd1 Rac8 18. Kb2 f6 19. Bd2 e5 20. Ka2 Nd4 21.
Nxd4 Bxd4 22. Rab1 Rxc2+ 23. Kb3 Rfc8 24. g4 R2c6 25. Ka2 Bf2 26. h3 d4 27. Rb3
e4 28. h4 e3 29. Be1 Bxe1 30. Rxe1 Rc1 31. Rxc1 Rxc1 32. Rd3 e2 33. Kb3 Rc3+
34. Rxc3 dxc3 35. Kxc3 e1=Q+ 36. Kd4 Qxh4 37. Kc3 Qxg4 38. Kc2 Qc4+ 39. Kd2 Qb3
40. Ke2 Qxa3 41. Kd2 Qxb4+ 42. Kd3 Qc4+ 43. Ke3 a5 44. Kf3 a4 45. Ke3 a3 46.
Kf3 a2 47. Ke3 a1=Q 48. Kf3 Qa3+ 49. Kf2 Qca2+ 50. Ke1 Qc1# 0-1

[Event "4NCL Online Division 5"]
[Site "online"]
[Date "2020.06.02"]
[Round "9.224"]
[White "Litherland, Reuben"]
[Black "Sood, Kamaljit"]
[Result "1-0"]
[WhiteElo "1375"]
[BlackElo "1090"]
[PlyCount "79"]
[EventDate "2020.06.02"]
[WhiteTeam "Sheffield Deaf"]
[BlackTeam "Wimbledon 3"]

1. c4 Nf6 2. d4 d5 3. e3 Nc6 4. Nc3 dxc4 5. Bxc4 e6 6. Nf3 Bb4 7. a3 Bxc3+ 8.
bxc3 O-O 9. O-O Ne4 10. Qd3 Nd6 11. Ne5 Nxe5 12. dxe5 Nxc4 13. Qxc4 Qd5 14.
Qxd5 exd5 15. Rb1 Re8 16. f4 b6 17. a4 Re6 18. Rd1 Bb7 19. e4 dxe4 20. Rd7 Rc8
21. Ba3 Rg6 22. Rbd1 h6 23. Rd8+ Rxd8 24. Rxd8+ Kh7 25. Rd7 Bd5 26. Rxd5 c5 27.
Rd6 Re6 28. Rxe6 fxe6 29. Kf2 Kg6 30. Ke3 Kf5 31. h3 h5 32. g4+ Kg6 33. g5 Kf5
34. h4 g6 35. a5 bxa5 36. Bxc5 a4 37. c4 a6 38. Bd4 Kg4 39. c5 a3 40. c6 1-0

[Event "4NCL Online Division 5"]
[Site "online"]
[Date "2020.06.02"]
[Round "9.231"]
[White "Brewis, Alan"]
[Black "Demjan, Denisz"]
[Result "1/2-1/2"]
[WhiteElo "1375"]
[BlackElo "1277"]
[PlyCount "95"]
[EventDate "2020.06.02"]
[WhiteTeam "Broken Herts 3"]
[BlackTeam "Watford Juniors B"]

1. d4 d5 2. Bf4 c5 3. e3 e6 4. c3 Nc6 5. Bd3 c4 6. Bc2 b5 7. Nd2 Bb7 8. b3 Bd6
9. Ngf3 Bxf4 10. exf4 Nf6 11. Ne5 Qd6 12. O-O O-O 13. bxc4 bxc4 14. Rb1 Rab8
15. Qf3 Rfc8 16. Qh3 g6 17. Ndf3 Ne7 18. Ng5 Rf8 19. Rfe1 h5 20. g3 Nf5 21.
Bxf5 exf5 22. Qf1 Ne4 23. Nxe4 dxe4 24. Re3 Ba6 25. Qd1 Kg7 26. Rxb8 Rxb8 27.
Qa4 Rc8 28. Qb4 Qe6 29. Qa4 Rc7 30. Qa5 Rb7 31. Qd8 f6 32. d5 Qb6 33. Qxb6 axb6
34. Nc6 Rd7 35. Nb4 Bb7 36. Re1 Kf7 37. Rd1 g5 38. Kf1 Ke7 39. Ke2 Kd6 40. h4
g4 41. Ke3 Kc5 42. Ke2 b5 43. Ke3 Bxd5 44. Na6+ Kb6 45. Nb4 Kc5 46. Na6+ Kb6
47. Nb4 Kc5 48. Na6+ 1/2-1/2

[Event "4NCL Online Division 5"]
[Site "online"]
[Date "2020.06.02"]
[Round "9.232"]
[White "Tathare, Rohan"]
[Black "Gilmour, Ian"]
[Result "0-1"]
[WhiteElo "1165"]
[BlackElo "1397"]
[PlyCount "58"]
[EventDate "2020.06.02"]
[WhiteTeam "Watford Juniors B"]
[BlackTeam "Broken Herts 3"]

1. d4 d5 2. c4 dxc4 3. Nc3 e6 4. e4 c5 5. d5 exd5 6. exd5 Nf6 7. Bxc4 Be7 8.
Nf3 Bg4 9. O-O O-O 10. Be2 Bxf3 11. Bxf3 Bd6 12. Nb5 a6 13. Nxd6 Qxd6 14. Re1
Nbd7 15. Qe2 Rfe8 16. Qd2 Rxe1+ 17. Qxe1 Nb6 18. Bg5 Re8 19. Qd2 Nfxd5 20. Bxd5
Qxd5 21. Qxd5 Nxd5 22. h3 h6 23. Bd2 Re2 24. Bc3 Nxc3 25. bxc3 Rc2 26. Rb1 b5
27. Rb3 Rxa2 28. c4 b4 29. Rb1 Rc2 0-1

[Event "4NCL Online Division 5"]
[Site "online"]
[Date "2020.06.02"]
[Round "9.233"]
[White "Cooper, John L"]
[Black "George, Seb"]
[Result "1-0"]
[WhiteElo "1247"]
[BlackElo "1187"]
[PlyCount "35"]
[EventDate "2020.06.02"]
[WhiteTeam "Broken Herts 3"]
[BlackTeam "Watford Juniors B"]

1. e4 e5 2. b3 Nf6 3. Nc3 Bc5 4. Bb2 d6 5. Be2 Nc6 6. Nf3 Nd4 7. Nxd4 exd4 8.
Na4 Nxe4 9. Nxc5 dxc5 10. O-O Qg5 11. Bf3 Nxd2 12. Re1+ Kf8 13. Bc1 Nxf3+ 14.
Qxf3 Qf6 15. Qxf6 gxf6 16. Bf4 Bf5 17. Rac1 Re8 18. Bh6+ 1-0

[Event "4NCL Online Division 5"]
[Site "online"]
[Date "2020.06.02"]
[Round "9.234"]
[White "Holland, Nicolas"]
[Black "Berkhout, Theo"]
[Result "0-1"]
[WhiteElo "1225"]
[BlackElo "1067"]
[PlyCount "80"]
[EventDate "2020.06.02"]
[WhiteTeam "Watford Juniors B"]
[BlackTeam "Broken Herts 3"]

1. e4 c5 2. Nf3 Nc6 3. Bc4 e6 4. d3 Nf6 5. Nc3 d5 6. Bb3 a6 7. Bf4 d4 8. Ne2
Be7 9. Ne5 Nxe5 10. Bxe5 O-O 11. Ba4 b5 12. Bb3 Bd7 13. c4 bxc4 14. Bxc4 Bb5
15. Qb3 Bxc4 16. Qxc4 Bd6 17. Bxd6 Qxd6 18. O-O e5 19. Rac1 Rfc8 20. Ng3 Rab8
21. Nf5 Qf8 22. Qxa6 g6 23. Nd6 Ra8 24. Qb6 Nd7 25. Qb3 Qxd6 26. f3 Rcb8 27.
Qc4 Rxb2 28. Ra1 Nb6 29. Qc1 Rbxa2 30. Rxa2 Rxa2 31. Qb1 Qe6 32. f4 Ra3 33.
fxe5 Nd7 34. Qb7 Nxe5 35. Qb8+ Kg7 36. Rd1 Rxd3 37. Rxd3 Nxd3 38. Qb7 Qf6 39.
Qb3 Qf2+ 40. Kh1 Qf1# 0-1

[Event "4NCL Online Division 5"]
[Site "online"]
[Date "2020.06.02"]
[Round "9.241"]
[White "Siddle, Michael"]
[Black "Khan, Tariqul"]
[Result "0-1"]
[WhiteElo "1562"]
[BlackElo "1900"]
[PlyCount "72"]
[EventDate "2020.06.02"]
[WhiteTeam "Bishop Knights"]
[BlackTeam "East London Knights"]

1. c4 g6 2. g3 Bg7 3. Bg2 d6 4. Nc3 Nf6 5. Nf3 Nc6 6. d3 O-O 7. O-O e5 8. e4
Be6 9. a3 Qd7 10. b4 Bh3 11. Bb2 Nh5 12. Ne2 Bg4 13. Qd2 f5 14. h3 Bxf3 15.
Bxf3 fxe4 16. Bxh5 Qxh3 17. dxe4 Qxh5 18. Rae1 Rf7 19. Kg2 Qf3+ 20. Kh2 Qxe4
21. Ng1 Qf5 22. Nh3 Raf8 23. Re2 Ne7 24. Qe3 Qh5 25. Qe4 c6 26. Rc2 d5 27. cxd5
Nxd5 28. Bc1 Nf6 29. Qc4 h6 30. Be3 b6 31. Qe6 Kh8 32. Kg2 Ng4 33. Qxc6 Nxe3+
34. fxe3 Rxf1 35. Qd6 Qf3+ 36. Kh2 Rh1# 0-1

[Event "4NCL Online Division 5"]
[Site "online"]
[Date "2020.06.02"]
[Round "9.242"]
[White "Maraiyesa, Wole"]
[Black "Sides, David"]
[Result "1-0"]
[WhiteElo "1900"]
[BlackElo "1547"]
[PlyCount "117"]
[EventDate "2020.06.02"]
[WhiteTeam "East London Knights"]
[BlackTeam "Bishop Knights"]

1. e4 e5 2. Nf3 Nc6 3. Bc4 Be7 4. Nc3 d6 5. h3 Nf6 6. O-O O-O 7. a3 Qe8 8. d3
Bd8 9. Nh2 Be6 10. Bxe6 Qxe6 11. Re1 Ne7 12. f4 exf4 13. Bxf4 Ng6 14. Bg3 c6
15. Nf3 Nd7 16. d4 Qe7 17. e5 dxe5 18. dxe5 Qc5+ 19. Kh2 Nb6 20. e6 Bf6 21. Ne4
Qe7 22. Bd6 Qxe6 23. Nxf6+ Qxf6 24. Bxf8 Rxf8 25. c3 Nd5 26. Qd4 Qd6+ 27. Kh1
b6 28. c4 c5 29. Qd2 Qf4 30. cxd5 Qxd2 31. Nxd2 Rd8 32. Nf3 Kf8 33. Rad1 Rd6
34. Ne5 Ne7 35. Nc4 Rd8 36. d6 Nf5 37. d7 Ne7 38. Ne3 g6 39. Nd5 Rxd7 40. Nxe7
Rxd1 41. Nxg6+ hxg6 42. Rxd1 Ke7 43. g4 Ke6 44. Kg2 a6 45. Kf3 b5 46. Kf4 f6
47. Rd3 a5 48. Rd8 b4 49. axb4 axb4 50. Rg8 g5+ 51. Ke4 c4 52. Kd4 c3 53. b3 c2
54. Rc8 f5 55. gxf5+ Kxf5 56. Rxc2 Kf4 57. Rg2 Kf5 58. Rg4 Kf6 59. Kc5 1-0

[Event "4NCL Online Division 5"]
[Site "online"]
[Date "2020.06.02"]
[Round "9.243"]
[White "Clynes, Chris"]
[Black "Kamath, Vikram"]
[Result "1-0"]
[WhiteElo "1435"]
[BlackElo "1787"]
[PlyCount "99"]
[EventDate "2020.06.02"]
[WhiteTeam "Bishop Knights"]
[BlackTeam "East London Knights"]

1. d4 d5 2. Nf3 e6 3. e3 c6 4. Bd3 Nf6 5. Nbd2 Bd6 6. Ne5 Nbd7 7. f4 O-O 8. O-O
c5 9. c3 cxd4 10. cxd4 Re8 11. a3 Nf8 12. b4 N6d7 13. Qh5 g6 14. Qh6 Qf6 15.
Rf3 Qg7 16. Rh3 Qxh6 17. Rxh6 Kg7 18. Rh3 f6 19. Ng4 e5 20. dxe5 Nxe5 21. fxe5
Bxg4 22. exd6 Bxh3 23. gxh3 Rxe3 24. Bf1 Re6 25. Bb2 Rxd6 26. Nf3 Re8 27. Kf2
Ne6 28. Re1 Nc7 29. Rxe8 Nxe8 30. Nd4 a6 31. Be2 Kf7 32. Kf3 f5 33. Kf4 Nc7 34.
Ke5 Rd8 35. Bf3 Ke7 36. a4 Ne8 37. Bxd5 Nf6 38. Bxb7 Nd7+ 39. Kf4 Kd6 40. Bxa6
Nb6 41. Nb5+ Ke7 42. Nd4 Kd6 43. Nb5+ Kd7 44. Nc3 Ke6 45. a5 Rd4+ 46. Ke3 Rxb4
47. axb6 Rxb2 48. b7 Kd7 49. Nb5 f4+ 50. Kf3 1-0

[Event "4NCL Online Division 5"]
[Site "online"]
[Date "2020.06.02"]
[Round "9.244"]
[White "Islam, Mohammed"]
[Black "Burnett, John"]
[Result "1-0"]
[WhiteElo "1780"]
[BlackElo "1247"]
[PlyCount "83"]
[EventDate "2020.06.02"]
[WhiteTeam "East London Knights"]
[BlackTeam "Bishop Knights"]

1. d4 d5 2. c4 Nf6 3. cxd5 Nxd5 4. e4 Nf6 5. Bd3 Nc6 6. Ne2 Bg4 7. f3 Bc8 8.
Be3 h6 9. O-O e5 10. d5 Nb4 11. Bc4 Bd6 12. a3 Na6 13. b4 Qd7 14. Nbc3 c6 15.
b5 Nb8 16. bxc6 bxc6 17. dxc6 Nxc6 18. Bb5 Qc7 19. Nd5 Qd7 20. Rc1 Bb7 21. Qa4
O-O 22. Bxc6 Bxc6 23. Nxf6+ gxf6 24. Qxc6 Qxc6 25. Rxc6 Rfd8 26. a4 Kg7 27. a5
Rac8 28. Rxc8 Rxc8 29. Bxa7 Bb8 30. Bxb8 Rxb8 31. a6 Rb2 32. Ra1 Rxe2 33. a7 h5
34. a8=Q h4 35. Qd5 Kg6 36. Ra7 Re1+ 37. Kf2 Rc1 38. Qxf7+ Kg5 39. Qg7+ Kh5 40.
Qh7+ Kg5 41. Rg7+ Kf4 42. Qh6# 1-0

[Event "4NCL Online Division 5"]
[Site "online"]
[Date "2020.06.02"]
[Round "9.251"]
[White "Eccleston, Bryony"]
[Black "Liu, Jason"]
[Result "0-1"]
[WhiteElo "1330"]
[BlackElo "1000"]
[PlyCount "122"]
[EventDate "2020.06.02"]
[WhiteTeam "Manchester Juniors C"]
[BlackTeam "BBC Penguins"]

1. d4 c6 2. Bf4 d6 3. e3 Nf6 4. Nf3 Bg4 5. Nbd2 Qc7 6. h3 Bh5 7. Be2 Nbd7 8.
O-O e5 9. dxe5 dxe5 10. Nxe5 Bxe2 11. Nxd7 Bxd1 12. Nxf6+ gxf6 13. Bxc7 Bxc2
14. Rac1 Bd3 15. Rfd1 Rc8 16. Nb3 Bg6 17. Bd6 Bxd6 18. Rxd6 Ke7 19. Rcd1 Rhd8
20. R6d4 b6 21. a4 Bc2 22. Rxd8 Rxd8 23. Rxd8 Kxd8 24. Nd4 Bxa4 25. Nf5 Bb3 26.
Nd4 Bd5 27. Kh2 a5 28. Kg3 b5 29. f3 Kd7 30. Kf4 Be6 31. Ke4 b4 32. Nxe6 fxe6
33. Kd4 Kd6 34. Kc4 e5 35. e4 Ke6 36. h4 Kf7 37. Kc5 h5 38. g3 Ke6 39. Kc4 f5
40. exf5+ Kxf5 41. Kb3 e4 42. fxe4+ Kxe4 43. Ka4 Kf3 44. Kxa5 Kxg3 45. Kxb4
Kxh4 46. Kc5 Kg4 47. Kxc6 h4 48. b4 h3 49. b5 h2 50. b6 h1=Q+ 51. Kc7 Qa8 52.
b7 Qa7 53. Kc8 Qc5+ 54. Kb8 Kf5 55. Ka8 Qa5+ 56. Kb8 Ke6 57. Kc8 Qc5+ 58. Kb8
Kd7 59. Ka8 Qa5+ 60. Kb8 Kc6 61. Kc8 Qc7# 0-1

[Event "4NCL Online Division 5"]
[Site "online"]
[Date "2020.06.02"]
[Round "9.252"]
[White "Liu, Benjamin"]
[Black "Seet, Joshua"]
[Result "0-1"]
[WhiteElo "700"]
[BlackElo "1232"]
[PlyCount "50"]
[EventDate "2020.06.02"]
[WhiteTeam "BBC Penguins"]
[BlackTeam "Manchester Juniors C"]

1. d4 d5 2. c4 e6 3. Nc3 Nf6 4. cxd5 exd5 5. Bg5 c6 6. e3 Bb4 7. Bd3 Be6 8.
Nge2 Nbd7 9. O-O Bd6 10. Nf4 Bxf4 11. exf4 O-O 12. f5 Bxf5 13. Bxf5 Qb6 14. Rb1
Rfe8 15. Re1 h6 16. Bxf6 Nxf6 17. Rxe8+ Rxe8 18. Qd3 g6 19. Bg4 Nxg4 20. Qh3 h5
21. Ne2 Rxe2 22. f3 Qxd4+ 23. Kh1 Nf2+ 24. Kg1 Nxh3+ 25. Kf1 Qf2# 0-1

[Event "4NCL Online Division 5"]
[Site "online"]
[Date "2020.06.02"]
[Round "9.253"]
[White "Eccleston, Rowan"]
[Black "Bell, Euan"]
[Result "1-0"]
[WhiteElo "1120"]
[BlackElo "700"]
[PlyCount "135"]
[EventDate "2020.06.02"]
[WhiteTeam "Manchester Juniors C"]
[BlackTeam "BBC Penguins"]

1. f4 Nf6 2. Nf3 d6 3. e3 g6 4. b3 Bg7 5. Bb2 Nc6 6. Bb5 a6 7. Bxc6+ bxc6 8.
O-O e6 9. Qe2 d5 10. d3 O-O 11. Nbd2 Rb8 12. Ne5 Qd6 13. Rae1 a5 14. a4 Ba6 15.
e4 Rbd8 16. Kh1 Nxe4 17. Nxe4 dxe4 18. Qxe4 Bb7 19. Nc4 Qd5 20. Bxg7 Kxg7 21.
Qxd5 cxd5 22. Nxa5 Ba6 23. Nc6 Rd6 24. Nd4 Rb8 25. Rf3 Rb4 26. c3 Rbb6 27. Rg3
c6 28. b4 Rb8 29. f5 Rf8 30. h3 Kf6 31. fxe6 fxe6 32. Rf1+ Ke7 33. Rxf8 Kxf8
34. Re3 Ke7 35. Kh2 Kf6 36. Kg3 e5 37. Rf3+ Kg7 38. Nc2 e4 39. dxe4 dxe4 40.
Rf4 Bd3 41. Nd4 e3 42. Kf3 e2 43. Nxe2 Bxe2+ 44. Kxe2 Re6+ 45. Kd3 g5 46. Re4
Rd6+ 47. Rd4 Rf6 48. a5 Rf2 49. a6 Rxg2 50. a7 Ra2 51. Rd7+ Kg6 52. Kc4 h6 53.
Kc5 Ra6 54. b5 cxb5 55. Rd6+ Rxd6 56. Kxd6 b4 57. cxb4 Kh5 58. a8=Q Kh4 59. Qf3
h5 60. b5 g4 61. hxg4 hxg4 62. Qe4 Kh3 63. b6 g3 64. Qh7+ Kg4 65. Qg7+ Kf3 66.
Qxg3+ Kxg3 67. b7 Kf2 68. b8=Q 1-0

[Event "4NCL Online Division 5"]
[Site "online"]
[Date "2020.06.02"]
[Round "9.254"]
[White "Florczak, Adam"]
[Black "Winser, Frederick"]
[Result "1-0"]
[WhiteElo "700"]
[BlackElo "1000"]
[PlyCount "37"]
[EventDate "2020.06.02"]
[WhiteTeam "BBC Penguins"]
[BlackTeam "Manchester Juniors C"]

1. e4 e5 2. Nf3 Nc6 3. Nc3 Nf6 4. Bc4 d6 5. Ng5 Be6 6. Bxe6 fxe6 7. O-O Be7 8.
d3 O-O 9. Nxe6 Qd7 10. Nxf8 Rxf8 11. Qf3 Ng4 12. Qg3 Qe6 13. h3 Nh6 14. Nb5 a6
15. Nxc7 Qd7 16. Bxh6 Bf6 17. Nd5 Qe6 18. Nxf6+ Kf7 19. Qxg7# 1-0

[Event "4NCL Online Division 5"]
[Site "online"]
[Date "2020.06.02"]
[Round "9.5"]
[White "Demyan, Leo"]
[Black "Dhemrait, Surjit S"]
[Result "0-1"]
[WhiteElo "1165"]
[BlackElo "1518"]
[PlyCount "74"]
[EventDate "2020.06.02"]
[WhiteTeam "Watford Juniors C"]
[BlackTeam "Harrow 4"]

1. d4 d5 2. Nc3 Nf6 3. Nf3 Bg4 4. Bg5 e6 5. h3 Bh5 6. g4 Bg6 7. Rg1 Nc6 8. h4
Nb4 9. e4 dxe4 10. Nd2 e3 11. fxe3 Nxc2+ 12. Ke2 Nxa1 13. h5 h6 14. Bxf6 Qxf6
15. hxg6 Qxg6 16. Qxa1 Bb4 17. Qb1 O-O 18. Qxg6 fxg6 19. Bg2 c6 20. a3 Bxc3 21.
bxc3 Rf6 22. Nc4 Raf8 23. Ke1 Rf2 24. Nd6 Rc2 25. c4 Rc3 26. e4 b6 27. a4 Ra3
28. e5 Rxa4 29. Bxc6 Rf4 30. d5 exd5 31. cxd5 Ra1+ 32. Ke2 Rxg1 33. e6 Rg2+ 34.
Ke1 Rb4 35. Kf1 Ra2 36. Ba4 Rb1+ 37. Bd1 Rxd1# 0-1

[Event "4NCL Online Division 5"]
[Site "online"]
[Date "2020.06.02"]
[Round "9.6"]
[White "Nettleton, Robin"]
[Black "Keerthi Kumar, Advait"]
[Result "1-0"]
[WhiteElo "1487"]
[BlackElo "1075"]
[PlyCount "105"]
[EventDate "2020.06.02"]
[WhiteTeam "Harrow 4"]
[BlackTeam "Watford Juniors C"]

1. d4 d5 2. Bf4 Nc6 3. c3 Nf6 4. e3 Bd7 5. Bd3 e6 6. Nf3 Be7 7. Nbd2 O-O 8. Ne5
Nxe5 9. Bxe5 c6 10. h4 h5 11. Bxf6 Bxf6 12. Qxh5 g6 13. Qf3 Kg7 14. h5 Rh8 15.
Qg3 Qe8 16. O-O-O Rh6 17. Nf3 b5 18. Ne5 Bxe5 19. Qxe5+ Kg8 20. hxg6 Qf8 21.
Rxh6 Qxh6 22. gxf7+ Kxf7 23. Qf4+ Qxf4 24. exf4 a6 25. Rh1 Ke7 26. Rh7+ Kd6 27.
g4 Rf8 28. f5 exf5 29. Bxf5 Bxf5 30. gxf5 Rxf5 31. Ra7 Rxf2 32. Rxa6 Kc7 33. a4
bxa4 34. Rxa4 Kb6 35. Rb4+ Ka5 36. Rb8 Ka6 37. b3 Ka7 38. Rb4 Ra2 39. Ra4+ Rxa4
40. bxa4 Kb6 41. Kb2 Ka5 42. Kb3 Kb6 43. Kb4 Kb7 44. Kc5 Kc7 45. a5 Kb7 46. a6+
Kxa6 47. Kxc6 Ka7 48. Kxd5 Kb6 49. c4 Kc7 50. c5 Kd7 51. Ke5 Kc7 52. d5 Kd7 53.
Kf6 1-0

[Event "4NCL Online Division 5"]
[Site "online"]
[Date "2020.06.02"]
[Round "9.7"]
[White "Khandelwal, Akshaj"]
[Black "Dilukshan, Manoharan"]
[Result "0-1"]
[WhiteElo "1150"]
[BlackElo "1480"]
[PlyCount "92"]
[EventDate "2020.06.02"]
[WhiteTeam "Watford Juniors C"]
[BlackTeam "Harrow 4"]

1. d4 Nf6 2. c4 g6 3. Nf3 d6 4. Nc3 Bg4 5. e4 Bg7 6. h3 Bxf3 7. Qxf3 c6 8. Bd3
Qb6 9. Be3 Qxb2 10. Rc1 Qb6 11. d5 Qc7 12. O-O c5 13. Nb5 Qa5 14. Nc3 O-O 15.
Rfe1 Nfd7 16. Bg5 Bxc3 17. Bxe7 Re8 18. Re3 Rxe7 19. Bc2 Ne5 20. Qe2 Bd2 21.
Rd1 Bxe3 22. Qxe3 Nbd7 23. Qb3 Nf6 24. f4 Ned7 25. Qb2 Nxe4 26. Bxe4 Rxe4 27.
Qxb7 Re1+ 28. Rxe1 Qxe1+ 29. Kh2 Qe8 30. h4 Nf6 31. Kh3 Qc8+ 32. Qxc8+ Rxc8 33.
g4 Re8 34. g5 Nh5 35. Kg4 Re4 36. a3 Rxc4 37. a4 Rd4 38. a5 Rxf4+ 39. Kh3 c4
40. a6 c3 41. Kg2 c2 42. Kh3 c1=Q 43. Kh2 Qc2+ 44. Kh3 Qd3+ 45. Kh2 Rf2+ 46.
Kg1 Qf1# 0-1

[Event "4NCL Online Division 5"]
[Site "online"]
[Date "2020.06.02"]
[Round "9.8"]
[White "Walker, David J R"]
[Black "Shah, Prem"]
[Result "1-0"]
[WhiteElo "1285"]
[BlackElo "1022"]
[PlyCount "41"]
[EventDate "2020.06.02"]
[WhiteTeam "Harrow 4"]
[BlackTeam "Watford Juniors C"]

1. d4 Nf6 2. c4 d5 3. Nc3 c6 4. e3 Bf5 5. Nf3 e6 6. a3 c5 7. cxd5 exd5 8. Be2
cxd4 9. exd4 Nc6 10. O-O Bd6 11. Bg5 O-O 12. Nxd5 h6 13. Nxf6+ gxf6 14. Bxh6
Re8 15. Bc1 Kh7 16. Bd3 Bxd3 17. Qxd3+ Kh8 18. b4 Rg8 19. Nh4 Bc7 20. Nf5 Ne5
21. Qh3# 1-0

[Event "4NCL Online Division 5"]
[Site "online"]
[Date "2020.06.02"]
[Round "9.15"]
[White "Smith, Richard"]
[Black "Knight, David"]
[Result "1/2-1/2"]
[WhiteElo "1427"]
[BlackElo "1735"]
[PlyCount "57"]
[EventDate "2020.06.02"]
[WhiteTeam "Uxbridge Knights 3"]
[BlackTeam "Uxbridge Knights 2"]

1. c4 c5 2. Nc3 Nf6 3. g3 Nc6 4. e3 e6 5. Bg2 Be7 6. h3 O-O 7. Nge2 d5 8. cxd5
exd5 9. d4 cxd4 10. exd4 Re8 11. O-O Bf5 12. a3 Qd7 13. Kh2 Rac8 14. Nf4 Be6
15. Nxe6 fxe6 16. Re1 Bd6 17. Be3 Ne7 18. Kg1 Nf5 19. Bg5 Qf7 20. Qd2 h6 21.
Bf4 Bxf4 22. Qxf4 Rc4 23. Rad1 Ne7 24. Bf1 Rcc8 25. Nb5 Nf5 26. Bd3 a6 27. Nd6
Nxd6 28. Qxd6 Rc6 29. Qf4 1/2-1/2

[Event "4NCL Online Division 5"]
[Site "online"]
[Date "2020.06.02"]
[Round "9.16"]
[White "Knight, Daniel"]
[Black "Nandi, Asoke K"]
[Result "1/2-1/2"]
[WhiteElo "1697"]
[BlackElo "1457"]
[PlyCount "100"]
[EventDate "2020.06.02"]
[WhiteTeam "Uxbridge Knights 2"]
[BlackTeam "Uxbridge Knights 3"]

1. d4 d5 2. Bf4 Nf6 3. Nf3 e6 4. a3 Nbd7 5. e3 a6 6. Nc3 c5 7. Be2 cxd4 8. exd4
b5 9. Ne5 Bb7 10. h3 Be7 11. Bd3 O-O 12. Ng4 Ne4 13. Ne2 Ndf6 14. Nxf6+ Bxf6
15. c3 Re8 16. O-O g6 17. Qc1 Rc8 18. Be5 Bg5 19. Bf4 Bf6 20. Qe1 Qe7 21. Ng3
Nd6 22. Bxd6 Qxd6 23. Rd1 Qc7 24. f4 Bh4 25. Qe3 Bf6 26. Nh1 Bh4 27. Nf2 Bf6
28. Ng4 Bg7 29. g3 Qb6 30. Qe2 Kh8 31. Ne5 Kg8 32. Kh2 Qc7 33. Rf2 Rcd8 34.
Rdf1 f6 35. Nf3 Bc8 36. Qc2 Qf7 37. Nh4 f5 38. Nf3 Qe7 39. Re1 Rd6 40. Rfe2 Qf7
41. Ne5 Bxe5 42. Rxe5 Rb6 43. Qg2 Re7 44. R1e3 Qf6 45. Be2 Kf7 46. h4 Rbb7 47.
Bf3 Rbc7 48. Qe2 Ra7 49. Kh3 Rac7 50. Qe1 Ra7 1/2-1/2

[Event "4NCL Online Division 5"]
[Site "online"]
[Date "2020.06.02"]
[Round "9.17"]
[White "Hasan, Abu"]
[Black "Foale, Ron"]
[Result "0-1"]
[WhiteElo "1405"]
[BlackElo "1532"]
[PlyCount "100"]
[EventDate "2020.06.02"]
[WhiteTeam "Uxbridge Knights 3"]
[BlackTeam "Uxbridge Knights 2"]

1. e4 e5 2. Bc4 Bc5 3. Nf3 d6 4. d4 exd4 5. Nxd4 Nf6 6. O-O h6 7. Nf5 O-O 8.
Nc3 Bd7 9. Be3 Bxe3 10. fxe3 Nc6 11. Nd5 Nxd5 12. Bxd5 Rb8 13. Qg4 Bxf5 14.
Rxf5 Ne5 15. Qg3 c6 16. Bb3 c5 17. Bd5 Kh7 18. Raf1 Qe7 19. Qf4 f6 20. Rh5 Qe8
21. Rh3 b6 22. Qf5+ Kh8 23. Qf4 Kh7 24. Qf5+ Kh8 25. Rf4 Rc8 26. Rfh4 Nf7 27.
Be6 Rc7 28. Bd5 Ng5 29. Rg3 Re7 30. Rhg4 Re5 31. Qf4 Ne6 32. Qf3 Ng5 33. Qf4
Qe7 34. h4 Ne6 35. Bxe6 Rxe6 36. Rxg7 Qxg7 37. Rxg7 Kxg7 38. Qg4+ Kf7 39. Qf5
Rg8 40. Kh2 Re5 41. Qd7+ Re7 42. Qxd6 Rxe4 43. Qd5+ Re6 44. Kh3 Rge8 45. c4 Kg6
46. h5+ Kg7 47. Qd7+ R8e7 48. Qd3 Rxe3+ 49. Qxe3 Rxe3+ 50. Kh2 Re2 0-1